000 01052nam a22002175i 4500
001 160731
003 ES-MaACL
005 20251003180049.0
008 000216s1869 sp |||| | spa d
040 _aCAM
_bspa
_cCAM
100 1 _aNogués, José María.
_9130515
245 1 3 _aLa herencia del pecado
_b: drama en tres actos y en verso /
_cpor José María Nogués y Alejandro Benisia.
260 _aMadrid :
_b[s.n.],
_c1869 (
_fImprenta de José Rodriguez)
300 _a84 p. ;
_c21 cm.
490 1 _aEl Teatro: colección de obras dramáticas y líricas
500 1 _aEn port.: Estrenado en el Teatro de la Zarzuela, la noche del 15 de enero de 1869, á beneficio de Antonio Zamora.
700 1 1 _aBenisia, Alejandro,
_d1830-1886
_9125912
830 0 3 _aEl teatro: colección de obras dramática y líricas
_9221753
852 _aES-MaACL
_jF-8557(1)
_z-- Enc. pasta española
_q-- Falto de la cub. original
_z-- Enc. en un vol. facticio formando parte de la col. facticia "Teatro español moderno", v.9
999 _c160731
_d160731